000
00209nam a22000857a 4500
008
170208b xxu||||| |||| 00| 0 eng d
100
_9
2802
_a
Koshz.S.
245
_a
Computer made Friendly-IX
260
_b
Cordova
_c
2010
999
_c
6017
_d
6017